OUTSTANDING TEACHING ENGAGING LEARNERS (Record no. 216678)

MARC details
000 -LEADER
fixed length control field 00579nam a22001697a 4500
008 - FIXED-LENGTH DATA ELEMENTS--GENERAL INFORMATION
fixed length control field 260225b |||||||| |||| 00| 0 eng d
050 ## - LIBRARY OF CONGRESS CALL NUMBER
Classification number LB 1025.3 .G 75 2012
100 ## - MAIN ENTRY--PERSONAL NAME
Personal name GRIFFITH, ANDY
245 ## - TITLE STATEMENT
Title OUTSTANDING TEACHING ENGAGING LEARNERS
260 ## - PUBLICATION, DISTRIBUTION, ETC.
Place of publication, distribution, etc. CARMATHEN, WALES,
Name of publisher, distributor, etc. CROWN HOUSE PUBLISHING LIMITED,
Date of publication, distribution, etc. 2012,
300 ## - PHYSICAL DESCRIPTION
Extent X, 189 P, ILL
500 ## - GENERAL NOTE
General note INCLUDES BIBLIOGRAPHICAL REFERENCES AND INDEX
650 ## - SUBJECT ADDED ENTRY
Topical term or geographic name entry element Teaching-Methodology, Classroom management, Effective teaching, Teacher training
700 ## - ADDED ENTRY--PERSONAL NAME
Personal name BURNS MARK
942 ## - ADDED ENTRY ELEMENTS (KOHA)
Source of classification or shelving scheme Library of Congress Classification
Koha item type Long Loan Book
Holdings
Withdrawn status Lost status Source of classification or shelving scheme Damaged status Not for loan Collection Home library Current library Shelving location Date acquired Inventory number Total checkouts Full call number Barcode Date last seen Copy number Price effective from Koha item type
    Library of Congress Classification     Arts & Social Sciences Kisii University Library Kisii University Library On Display 02/25/2026 111588   LB 1025.3 .G 75 2012 000000018031 02/25/2026 1 02/25/2026 Long Loan Book
    Library of Congress Classification     Arts & Social Sciences Kisii University Library Kisii University Library On Display 02/25/2026 111589   LB 1025.3 .G 75 2012 000000018133 02/25/2026 2 02/25/2026 Long Loan Book
    Library of Congress Classification     Arts & Social Sciences Kisii University Library Kisii University Library On Display 02/25/2026 111590   LB 1025.3 .G 75 2012 000000018132 02/25/2026 3 02/25/2026 Long Loan Book
    Library of Congress Classification     Arts & Social Sciences Kisii University Library Kisii University Library On Display 02/25/2026 111591   LB 1025.3 .G 75 2012 000000018131 02/25/2026 4 02/25/2026 Long Loan Book
    Library of Congress Classification     Arts & Social Sciences Kisii University Library Kisii University Library On Display 02/25/2026 111592   LB 1025.3 .G 75 2012 000000018130 02/25/2026 5 02/25/2026 Long Loan Book